| 000 | 01223cam a22002894a 4500 | ||
|---|---|---|---|
| 001 | 11804942 | ||
| 005 | 20180227080711.0 | ||
| 008 | 991007s1999 nyua be 001 0 eng | ||
| 010 | _a 99052027 | ||
| 020 | _a0684804875 (set : alk. paper) | ||
| 020 | _a0684804883 (v. 1 : alk. paper) | ||
| 020 | _a0684804891 (v. 2 : alk. paper) | ||
| 020 | _a0684804905 (v. 3 : alk. paper) | ||
| 040 |
_aDLC _cDLC _dDLC |
||
| 041 | _aeng | ||
| 042 | _apcc | ||
| 080 | _a303.6097303 RIC | ||
| 082 | 0 | 0 |
_a303.6097303 RIC _221 |
| 100 | _a23 | ||
| 101 | _aPOL | ||
| 245 | 0 | 0 |
_aViolence in America : _cRonald Gottesman, editor in chief ; Richard Maxwell Brown, consulting editor. |
| 504 | _aIncludes bibliographical references and index. | ||
| 906 |
_a7 _bcbc _corignew _d1 _eocip _f19 _gy-gencatlg |
||
| 942 |
_2ddc _cBK |
||
| 999 |
_c43617 _d43617 |
||